[Event "1. Bundesliga 2015/2016"]
[Site "Mattersburg"]
[Date "2015.11.08"]
[Round "4"]
[Board "3"]
[White "Fauland, Alexander"]
[Black "Predojevic, Borki"]
[Result "1/2-1/2"]
[WhiteElo "2431"]
[BlackElo "2654"]
[PlyCount "70"]
[EventDate "2015.11.05"]
[EventType "team"]
[EventRounds "11"]
[EventCountry "AUT"]
[WhiteTeam "SV Raika Rapid Feffernitz"]
[BlackTeam "SC MPOE Maria Saal"]

1.Nf3 c5 2.e4 d6 3.Bb5+ Nd7 4.a4 Ngf6 5.Qe2 a6 6.Bc4 e6 7.O-O Be7 8.Nc3 O-O 9.d3 b6
10.Ng5 h6 11.Nh3 Ne5 12.f4 Nxc4 13.dxc4 Bb7 14.Nf2 Qc7 15.Ra3 Rae8 16.Re1 Qc6 17.Ncd1
Nh7 18.Rg3 Bh4 19.Rg4 Bxf2+ 20.Nxf2 f5 21.Rg3 fxe4 22.Nxe4 Qxe4 23.Qxe4 Bxe4 24.Rxe4
d5 25.cxd5 exd5 26.Rxe8 Rxe8 27.Re3 Rxe3 28.Bxe3 Nf6 29.c3 Ne4 30.Kf1 h5 31.Ke2 Kf7
32.Kf3 Ke6 33.h3 g6 34.g4 hxg4+ 35.hxg4 b5 1/2-1/2

[Event "1. Bundesliga 2015/2016"]
[Site "Mattersburg"]
[Date "2015.11.08"]
[Round "4"]
[Board "4"]
[White "Buhmann, Rainer"]
[Black "Petschar, Kurt"]
[Result "1-0"]
[WhiteElo "2645"]
[BlackElo "2274"]
[PlyCount "87"]
[EventDate "2015.11.05"]
[EventType "team"]
[EventRounds "11"]
[EventCountry "AUT"]
[WhiteTeam "SC MPOE Maria Saal"]
[BlackTeam "SV Raika Rapid Feffernitz"]

1.Nf3 c5 2.c4 Nf6 3.Nc3 Nc6 4.d4 cxd4 5.Nxd4 e6 6.Bf4 d6 7.Ndb5 e5 8.Bg5 a6 9.Bxf6
gxf6 10.Na3 f5 11.g3 h5 12.h4 Be6 13.Bh3 e4 14.Nc2 Bg7 15.Ne3 Bxc3+ 16.bxc3 f4 17.gxf4
Bxh3 18.Rxh3 Qd7 19.Rg3 O-O-O 20.Qd5 Qe7 21.Rg5 Qf6 22.Qf5+ Qxf5 23.Rxf5 Rh7 24.O-O-O
Ne7 25.Rg5 f6 26.Rg3 Kc7 27.Rd4 f5 28.Nd5+ Nxd5 29.Rxd5 Rf8 30.Rg5 Rhf7 31.Rxh5 Kc6
32.a4 b6 33.Kd2 Rf6 34.Ke3 R8f7 35.Rg5 Kd7 36.Kd4 Ke6 37.a5 Rb7 38.axb6 Rxb6 39.c5
dxc5+ 40.Rxc5 Rb2 41.Ke3 Rc2 42.h5 Kd6 43.Rcxf5 Kd5 44.Kxe4+ 1-0

[Event "1. Bundesliga 2015/2016"]
[Site "Mattersburg"]
[Date "2015.11.08"]
[Round "4"]
[Board "5"]
[White "Kavcic, Zan"]
[Black "Naumann, Alexander"]
[Result "0-1"]
[WhiteElo "2319"]
[BlackElo "2555"]
[PlyCount "50"]
[EventDate "2015.11.05"]
[EventType "team"]
[EventRounds "11"]
[EventCountry "AUT"]
[WhiteTeam "SV Raika Rapid Feffernitz"]
[BlackTeam "SC MPOE Maria Saal"]

1.e4 e6 2.d4 d5 3.exd5 exd5 4.Bd3 Nc6 5.c3 Bd6 6.Ne2 Qf6 7.Na3 Bxa3 8.bxa3 Bf5 9.O-O
Bxd3 10.Qxd3 Nge7 11.Rb1 b6 12.Bf4 Rc8 13.Qg3 Nf5 14.Qf3 Nce7 15.g4 Nd6 16.Ng3 O-O
17.Nh5 Qg6 18.Be5 Ne4 19.Bxg7 Nd2 20.Qe2 Nxb1 21.Qxe7 Qxg4+ 22.Kh1 Qf3+ 23.Kg1 Qxh5
24.Bxf8 Nd2 25.Rc1 Rxf8 0-1

[Event "1. Bundesliga 2015/2016"]
[Site "Mattersburg"]
[Date "2015.11.08"]
[Round "4"]
[Board "6"]
[White "Halvax, Georg"]
[Black "Hofer, Christian"]
[Result "1-0"]
[WhiteElo "2337"]
[BlackElo "1968"]
[PlyCount "63"]
[EventDate "2015.11.05"]
[EventType "team"]
[EventRounds "11"]
[EventCountry "AUT"]
[WhiteTeam "SC MPOE Maria Saal"]
[BlackTeam "SV Raika Rapid Feffernitz"]

1.d4 Nf6 2.c4 g6 3.Nc3 d5 4.cxd5 Nxd5 5.Bd2 Nb6 6.Bf4 Bg7 7.e3 c6 8.Nf3 N8d7 9.h3
O-O 10.Be2 Nf6 11.e4 h6 12.Qd2 g5 13.Be3 Be6 14.Rd1 Nfd7 15.h4 g4 16.Bxh6 f6 17.Nh2
g3 18.fxg3 Nc4 19.Bxc4 Bxc4 20.b3 Ba6 21.Bxg7 Kxg7 22.Ne2 Qc7 23.Nf4 Kf7 24.Ng4 Rh8
25.h5 Rag8 26.Rh4 Rd8 27.Kf2 Nc5 28.Qc2 e5 29.Ng6 Rxh5 30.Rxh5 Kxg6 31.Rh6+ Kg5 32.Qc1+ 1-0

[Event "1. Bundesliga 2015/2016"]
[Site "Mattersburg"]
[Date "2015.11.08"]
[Round "4"]
[Board "1"]
[White "Haba, Petr"]
[Black "Schmidt, Peter"]
[Result "1/2-1/2"]
[WhiteElo "2481"]
[BlackElo "2386"]
[PlyCount "72"]
[EventDate "2015.11.05"]
[EventType "team"]
[EventRounds "11"]
[EventCountry "AUT"]
[WhiteTeam "Spk. Grieskirchen/Bad Schallerbach"]
[BlackTeam "Spg Sauwald"]

1.e4 c5 2.Nf3 Nc6 3.d4 cxd4 4.Nxd4 e5 5.Nb5 d6 6.c4 Be7 7.N1c3 a6 8.Na3 Be6 9.Be2
Bg5 10.O-O Bxc1 11.Rxc1 Nf6 12.Nc2 O-O 13.Qd2 Qb8 14.Rfd1 Rd8 15.f3 Qa7+ 16.Kf1 Nh5
17.Nd5 Bxd5 18.cxd5 Ne7 19.Qe3 Nf6 20.Qxa7 Rxa7 21.Ne3 Ne8 22.Rd3 Raa8 23.Rb3 Rd7
24.Rbc3 g6 25.Nc4 Rc8 26.Na5 Rxc3 27.Rxc3 f5 28.Rb3 b5 29.a4 bxa4 30.Rb8 Kf7 31.Nc6
Nf6 32.Bd3 fxe4 33.fxe4 g5 34.Nd8+ Kg6 35.Ne6 Kh6 36.Bc2 Ng6 1/2-1/2

[Event "1. Bundesliga 2015/2016"]
[Site "Mattersburg"]
[Date "2015.11.08"]
[Round "4"]
[Board "2"]
[White "Testor, Sebastian"]
[Black "Kilgus, Georg"]
[Result "1/2-1/2"]
[WhiteElo "2330"]
[BlackElo "2410"]
[PlyCount "68"]
[EventDate "2015.11.05"]
[EventType "team"]
[EventRounds "11"]
[EventCountry "AUT"]
[WhiteTeam "Spg Sauwald"]
[BlackTeam "Spk. Grieskirchen/Bad Schallerbach"]

1.d4 d6 2.e4 Nf6 3.Nc3 g6 4.Be3 a6 5.f3 Nbd7 6.Qd2 b5 7.g4 h6 8.a4 b4 9.Nd1 Rb8 10.a5
Bb7 11.Bd3 c5 12.c3 cxd4 13.cxd4 Bg7 14.Ne2 e5 15.d5 Nc5 16.Bxc5 dxc5 17.Ne3 h5 18.g5
Nh7 19.h4 f6 20.f4 fxg5 21.fxg5 O-O 22.Nc4 Rf3 23.O-O-O Bc8 24.Rdf1 Qf8 25.Qd1 Bg4
26.Rxf3 Qxf3 27.Rf1 Qg2 28.Rg1 Qf2 29.Qe1 Qxe1+ 30.Rxe1 Nf8 31.Nb6 Nd7 32.Nxd7 Bxd7
33.Kd2 Bb5 34.b3 Bf8 1/2-1/2

[Event "1. Bundesliga 2015/2016"]
[Site "Mattersburg"]
[Date "2015.11.08"]
[Round "4"]
[Board "3"]
[White "Webersberger, Johann"]
[Black "Hiermann, Dietmar"]
[Result "1-0"]
[WhiteElo "2362"]
[BlackElo "2270"]
[PlyCount "99"]
[EventDate "2015.11.05"]
[EventType "team"]
[EventRounds "11"]
[EventCountry "AUT"]
[WhiteTeam "Spk. Grieskirchen/Bad Schallerbach"]
[BlackTeam "Spg Sauwald"]

1.c4 Nf6 2.g3 c6 3.Bg2 d5 4.Nf3 Bg4 5.h3 Bxf3 6.Bxf3 e6 7.Qc2 Nbd7 8.d4 Bb4+ 9.Bd2
Bd6 10.O-O O-O 11.Nc3 dxc4 12.Ne4 Nxe4 13.Bxe4 f5 14.Qxc4 Qe7 15.Bg2 f4 16.gxf4 Bxf4
17.e3 Bd6 18.b4 Kh8 19.b5 Nb6 20.Qd3 cxb5 21.Qxb5 Rf5 22.Qd3 Raf8 23.Rab1 R5f7 24.Qe4
Nd5 25.a4 b6 26.Rbc1 Qd7 27.f4 Rf6 28.Qc2 Ne7 29.Qc4 Qe8 30.Qa6 Bb8 31.Qb5 Qd8 32.a5
Nd5 33.Kh1 Rg8 34.Rc6 Ne7 35.Rc2 g5 36.d5 gxf4 37.exf4 exd5 38.Rd1 Rxg2 39.Kxg2 Qg8+
40.Kh1 Qg3 41.Qe8+ Ng8 42.Rc3 Qf2 43.Qe1 Rxf4 44.Bxf4 Qxf4 45.Qe2 bxa5 46.Rg1 Be5
47.Rc8 Bg7 48.Rxg7 Kxg7 49.Qg2+ Kh6 50.Rxg8 1-0

[Event "1. Bundesliga 2015/2016"]
[Site "Mattersburg"]
[Date "2015.11.08"]
[Round "4"]
[Board "4"]
[White "Hellmayr, Alois"]
[Black "Schwabeneder, Florian"]
[Result "1/2-1/2"]
[WhiteElo "2248"]
[BlackElo "2371"]
[PlyCount "82"]
[EventDate "2015.11.05"]
[EventType "team"]
[EventRounds "11"]
[EventCountry "AUT"]
[WhiteTeam "Spg Sauwald"]
[BlackTeam "Spk. Grieskirchen/Bad Schallerbach"]

1.Nf3 Nf6 2.g3 b6 3.Bg2 Bb7 4.c4 c5 5.b3 g6 6.Bb2 Bg7 7.O-O O-O 8.Nc3 d6 9.d4 cxd4
10.Qxd4 Nbd7 11.Nd5 e6 12.Nxf6+ Bxf6 13.Qd2 Bxb2 14.Qxb2 Qe7 15.Rfd1 Rfd8 16.Nd4 Bxg2
17.Kxg2 Nc5 18.b4 Qb7+ 19.f3 Nd7 20.Nb5 Ne5 21.Nxd6 Rxd6 22.Qxe5 Rxd1 23.Rxd1 Qa6
24.c5 bxc5 25.bxc5 Qxa2 26.Rd7 Qc4 27.h4 h5 28.Kf1 Rc8 29.Qf6 Qc1+ 30.Kg2 Rf8 31.Rxa7
Qxc5 32.Re7 Qe3 33.Kf1 Qc1+ 34.Kf2 Qh1 35.Ke3 Qc1+ 36.Kf2 Qc5+ 37.Kg2 Qd6 38.Kf2 Qc5+
39.Kg2 Qc2 40.Kf2 Qc4 41.Kf1 Qc1+ 1/2-1/2

[Event "1. Bundesliga 2015/2016"]
[Site "Mattersburg"]
[Date "2015.11.08"]
[Round "4"]
[Board "5"]
[White "Singer, Christoph"]
[Black "Renner, Christoph"]
[Result "1/2-1/2"]
[WhiteElo "2311"]
[BlackElo "2326"]
[PlyCount "51"]
[EventDate "2015.11.05"]
[EventType "team"]
[EventRounds "11"]
[EventCountry "AUT"]
[WhiteTeam "Spk. Grieskirchen/Bad Schallerbach"]
[BlackTeam "Spg Sauwald"]

1.e4 d5 2.exd5 Qxd5 3.Nc3 Qa5 4.Bc4 c6 5.d3 Bf5 6.Bd2 e6 7.Qe2 Nd7 8.f4 h5 9.Nd5 Qd8
10.Ne3 Ne7 11.a3 Qc7 12.Nf3 Nb6 13.Bb3 O-O-O 14.Nxf5 Nxf5 15.O-O-O Nd5 16.g3 Bc5 17.Kb1
Qb6 18.Ka2 Rhe8 19.c3 Qa6 20.Rhe1 Nde3 21.Bxe3 Nxe3 22.Rd2 Nd5 23.Rc2 Ne3 24.Rd2 Nd5
25.Rc2 Ne3 26.Rd2 1/2-1/2

[Event "1. Bundesliga 2015/2016"]
[Site "Mattersburg"]
[Date "2015.11.08"]
[Round "4"]
[Board "6"]
[White "Taggatz, Mario"]
[Black "Lentrodt, Thomas"]
[Result "1/2-1/2"]
[WhiteElo "2209"]
[BlackElo "2263"]
[PlyCount "142"]
[EventDate "2015.11.05"]
[EventType "team"]
[EventRounds "11"]
[EventCountry "AUT"]
[WhiteTeam "Spg Sauwald"]
[BlackTeam "Spk. Grieskirchen/Bad Schallerbach"]

1.d4 Nf6 2.Bf4 d5 3.e3 c5 4.c3 Nc6 5.Nd2 cxd4 6.exd4 g6 7.Bd3 Bg7 8.Ngf3 Nh5 9.Be3
Qd6 10.O-O Nf4 11.Bb5 Bd7 12.Re1 a6 13.Bxc6 Bxc6 14.Ne5 Ne6 15.Ndf3 O-O 16.Qd2 f6
17.Nxc6 Qxc6 18.Bh6 Rfe8 19.Bxg7 Nxg7 20.Re2 Qd6 21.Rae1 e6 22.g4 g5 23.Kg2 h5 24.h3
Kf7 25.Rg1 Rh8 26.Kf1 hxg4 27.hxg4 Rh3 28.Re3 Rah8 29.Ke2 Qb6 30.Kd1 Rh1 31.Rxh1 Rxh1+
32.Re1 Rh8 33.Kc1 Qb5 34.Qe2 Qe8 35.Nd2 Rh3 36.Nf1 Qb8 37.Ne3 Qf4 38.Kb1 Rh2 39.Nd1
Rg2 40.Qc2 b5 41.a4 Qf3 42.Ka2 Rxg4 43.Ne3 Rh4 44.axb5 axb5 45.Kb3 Rh2 46.Nd1 Nf5
47.Ka2 g4 48.Qb3 Qd3 49.Rg1 Rh8 50.Qa3 Qc4+ 51.Kb1 Qd3+ 52.Ka2 Rg8 53.Rh1 Ne7 54.Qa7
Rg7 55.Qa8 Rh7 56.Rg1 b4 57.cxb4 Qxd4 58.Qb7 Rg7 59.b5 g3 60.b6 g2 61.Ne3 Qa4+ 62.Kb1
Qe4+ 63.Ka2 Rh7 64.Qa7 d4 65.b7 Rh8 66.b8=Q Rxb8 67.Qxb8 dxe3 68.fxe3 Qa4+ 69.Kb1
Qe4+ 70.Ka2 Qa4+ 71.Kb1 Qe4+ 1/2-1/2

[Event "1. Bundesliga 2015/2016"]
[Site "Mattersburg"]
[Date "2015.11.08"]
[Round "4"]
[Board "1"]
[White "Bindrich, Falko"]
[Black "Sutovsky, Emil"]
[Result "1/2-1/2"]
[WhiteElo "2574"]
[BlackElo "2622"]
[PlyCount "56"]
[EventDate "2015.11.05"]
[EventType "team"]
[EventRounds "11"]
[EventCountry "AUT"]
[WhiteTeam "SK Hohenems"]
[BlackTeam "Schachklub Absam"]

1.d4 Nf6 2.c4 e6 3.Nf3 Bb4+ 4.Nbd2 O-O 5.a3 Be7 6.e4 d6 7.g3 d5 8.e5 Nfd7 9.Bg2 c5
10.O-O cxd4 11.cxd5 exd5 12.Nb3 Nc6 13.Re1 Nc5 14.Nxc5 Bxc5 15.Bg5 Qd7 16.b4 Bb6 17.b5
Nd8 18.a4 Ne6 19.Bc1 a6 20.bxa6 Rxa6 21.Bf1 Ra8 22.Ba3 Bc5 23.Bb5 Qe7 24.Bxc5 Qxc5
25.Rc1 Qb4 26.Rb1 Qc5 27.Rc1 Qb4 28.Rb1 Qc5 1/2-1/2

[Event "1. Bundesliga 2015/2016"]
[Site "Mattersburg"]
[Date "2015.11.08"]
[Round "4"]
[Board "2"]
[White "Luther, Thomas"]
[Black "Rozentalis, Eduardas"]
[Result "1/2-1/2"]
[WhiteElo "2558"]
[BlackElo "2584"]
[PlyCount "60"]
[EventDate "2015.11.05"]
[EventType "team"]
[EventRounds "11"]
[EventCountry "AUT"]
[WhiteTeam "Schachklub Absam"]
[BlackTeam "SK Hohenems"]

1.e4 e5 2.Nf3 Nf6 3.Nxe5 d6 4.Nf3 Nxe4 5.d3 Nf6 6.d4 Be7 7.Bd3 O-O 8.h3 Nc6 9.a3 Be6
10.O-O h6 11.Re1 Re8 12.Nbd2 Bf8 13.Nf1 Bd5 14.Be3 Be4 15.Bxe4 Nxe4 16.d5 Nb8 17.c4
Nd7 18.Qc2 Qf6 19.Re2 Qg6 20.Rae1 Ng5 21.Nxg5 Qxc2 22.Rxc2 hxg5 23.Nh2 f6 24.Nf3 c5
25.dxc6 bxc6 26.Nd4 Rac8 27.Rd1 a6 28.b4 c5 29.Nf5 cxb4 30.axb4 Ne5 1/2-1/2

[Event "1. Bundesliga 2015/2016"]
[Site "Mattersburg"]
[Date "2015.11.08"]
[Round "4"]
[Board "3"]
[White "Martinovic, Sasa"]
[Black "Bayer, Bernhard"]
[Result "1-0"]
[WhiteElo "2539"]
[BlackElo "2429"]
[PlyCount "87"]
[EventDate "2015.11.05"]
[EventType "team"]
[EventRounds "11"]
[EventCountry "AUT"]
[WhiteTeam "SK Hohenems"]
[BlackTeam "Schachklub Absam"]

1.d4 Nf6 2.c4 e6 3.Nc3 Bb4 4.Qc2 c5 5.dxc5 Bxc5 6.Nf3 Nc6 7.Bg5 h6 8.Bh4 g5 9.Bg3
Nh5 10.e3 b6 11.O-O-O Nxg3 12.hxg3 Bb7 13.a3 Be7 14.Ne4 f5 15.Qc3 Rf8 16.Nd6+ Bxd6
17.Rxd6 Qf6 18.Qd2 Na5 19.Qb4 Rc8 20.Kb1 Be4+ 21.Ka2 Nb7 22.Rd2 Nc5 23.Nd4 Bc6 24.f3
Rh8 25.Bd3 Kf7 26.Bc2 Rhd8 27.Rdd1 Kg7 28.Qc3 a5 29.Bxf5 Na4 30.Qc2 Bd5 31.Bd3 b5
32.Ka1 bxc4 33.Qxa4 cxd3 34.Rxd3 Rc4 35.Qxa5 Rdc8 36.Qd2 Ba8 37.g4 Kg8 38.Rb3 Qe5
39.Rd3 Qc5 40.Nb3 Qb6 41.Rxh6 Rc2 42.Qd1 Qb5 43.Rxd7 Bd5 44.Rh8+ 1-0

[Event "1. Bundesliga 2015/2016"]
[Site "Mattersburg"]
[Date "2015.11.08"]
[Round "4"]
[Board "4"]
[White "Dizdar, Goran"]
[Black "Breder, Dennis"]
[Result "0-1"]
[WhiteElo "2512"]
[BlackElo "2474"]
[PlyCount "88"]
[EventDate "2015.11.05"]
[EventType "team"]
[EventRounds "11"]
[EventCountry "AUT"]
[WhiteTeam "Schachklub Absam"]
[BlackTeam "SK Hohenems"]

1.Nf3 c5 2.c4 Nc6 3.d4 cxd4 4.Nxd4 Nf6 5.Nc3 e6 6.Ndb5 d5 7.Bf4 e5 8.cxd5 exf4 9.dxc6
bxc6 10.Qxd8+ Kxd8 11.O-O-O+ Ke7 12.Nd4 Bd7 13.Rd3 g6 14.g3 Ng4 15.Nd1 Bh6 16.gxf4
Bxf4+ 17.e3 Bd6 18.Bg2 Rac8 19.Ne2 Be6 20.a3 Rhd8 21.Rd2 f5 22.Nd4 Bd7 23.Nc3 f4 24.Nf3
Be6 25.Nd4 Bd7 26.Nf3 fxe3 27.fxe3 Bc5 28.Nd4 Ne5 29.Ne4 Bb6 30.Kb1 Be8 31.Bh3 Rb8
32.Ka1 c5 33.Ne6 Rxd2 34.Nxd2 Bd7 35.Nf4 Bxh3 36.Nxh3 c4 37.Re1 Ba5 38.Re2 c3 39.Ne4
cxb2+ 40.Rxb2 Rxb2 41.Kxb2 Ng4 42.Nhg5 h6 43.Nf3 Nxe3 44.Nf2 Kf6 0-1

[Event "1. Bundesliga 2015/2016"]
[Site "Mattersburg"]
[Date "2015.11.08"]
[Round "4"]
[Board "5"]
[White "Froewis, Georg"]
[Black "Rotstein, Arkadij"]
[Result "1-0"]
[WhiteElo "2452"]
[BlackElo "2513"]
[PlyCount "77"]
[EventDate "2015.11.05"]
[EventType "team"]
[EventRounds "11"]
[EventCountry "AUT"]
[WhiteTeam "SK Hohenems"]
[BlackTeam "Schachklub Absam"]

1.Nf3 g6 2.e4 Bg7 3.d4 d6 4.Be2 Nd7 5.c4 e5 6.Nc3 Ne7 7.h4 h6 8.Be3 f5 9.dxe5 dxe5
10.g3 O-O 11.Qd2 fxe4 12.Nxe4 Nf5 13.O-O-O Qe7 14.Bd3 b6 15.h5 g5 16.Bc2 Nf6 17.Nfxg5
Nxe3 18.fxe3 hxg5 19.h6 Bh8 20.Nxg5 Bg4 21.Qh2 Rfd8 22.Rdf1 Rd6 23.h7+ Kf8 24.Ne4
Ke8 25.Nxd6+ cxd6 26.Qh4 Be6 27.Rxf6 Kd7 28.Rff1 Qg7 29.Qh6 Qg4 30.Ba4+ Kc7 31.Qh4
Qg7 32.Qe4 Rd8 33.Bc6 Bf7 34.Bd5 Bg6 35.Qf3 e4 36.Qe2 Kb8 37.Rf2 Rc8 38.Kb1 Bxh7 39.Rf7 1-0

[Event "1. Bundesliga 2015/2016"]
[Site "Mattersburg"]
[Date "2015.11.08"]
[Round "4"]
[Board "6"]
[White "De Francesco, Klaus"]
[Black "Baldauf, Marco"]
[Result "0-1"]
[WhiteElo "2275"]
[BlackElo "2413"]
[PlyCount "104"]
[EventDate "2015.11.05"]
[EventType "team"]
[EventRounds "11"]
[EventCountry "AUT"]
[WhiteTeam "Schachklub Absam"]
[BlackTeam "SK Hohenems"]

1.d4 Nf6 2.c4 g6 3.Nc3 d5 4.cxd5 Nxd5 5.Bd2 Bg7 6.e4 Nxc3 7.Bxc3 O-O 8.h3 c5 9.d5
e6 10.Nf3 exd5 11.exd5 Nd7 12.Bxg7 Kxg7 13.Qd2 Re8+ 14.Be2 Nf6 15.Rd1 Bf5 16.O-O Qxd5
17.Qc3 Qc6 18.Bc4 Be6 19.Ne5 Qc7 20.Bxe6 Rxe6 21.Ng4 h5 22.Nxf6 Rxf6 23.Rd5 b6 24.f4
Rd8 25.Rg5 Qd6 26.Qf3 Qd3 27.Qf2 Qd4 28.g3 h4 29.f5 Rd5 30.Qxd4 cxd4 31.Rg4 hxg3 32.fxg6
Rxg6 33.Kg2 Rxg4 34.hxg4 d3 35.Kxg3 d2 36.Rd1 Kg6 37.Kf4 f6 38.Ke4 Rd8 39.Kf4 Rd7
40.Ke4 Kg5 41.Kf3 Rd8 42.Ke4 Kxg4 43.Rg1+ Kh5 44.Rh1+ Kg6 45.Rd1 Kf7 46.Kf5 Ke7 47.Kf4
Ke6 48.Ke4 f5+ 49.Kf4 Kf6 50.Ke3 Ke5 51.a4 a5 52.Kf3 f4 0-1

[Event "1. Bundesliga 2015/2016"]
[Site "Mattersburg"]
[Date "2015.11.08"]
[Round "4"]
[Board "1"]
[White "Bromberger, Stefan"]
[Black "Antoniewski, Rafal"]
[Result "1/2-1/2"]
[WhiteElo "2531"]
[BlackElo "2533"]
[PlyCount "95"]
[EventDate "2015.11.05"]
[EventType "team"]
[EventRounds "11"]
[EventCountry "AUT"]
[WhiteTeam "SIR Royal Salzburg"]
[BlackTeam "SV Jacques Lemans St. Veit"]

1.d4 d5 2.c4 c6 3.Nc3 Nf6 4.Nf3 e6 5.Bg5 Nbd7 6.e3 Qa5 7.cxd5 Nxd5 8.Qd2 Bb4 9.Rc1
h6 10.Bh4 b6 11.e4 Nxc3 12.bxc3 Ba3 13.Rc2 Ba6 14.Be2 O-O 15.O-O Bxe2 16.Qxe2 Rfe8
17.Rd1 Rac8 18.e5 c5 19.d5 exd5 20.Rxd5 Qa4 21.c4 Nf8 22.Qd3 Bb4 23.Rd6 Re6 24.Bg3
Rce8 25.h4 R6e7 26.h5 Rd7 27.a3 Ba5 28.Kh2 Re6 29.Nh4 f6 30.f4 Rdxd6 31.exd6 Qc6 32.f5
Qe4 33.Qd1 Re8 34.Ng6 Nd7 35.Ne7+ Kf7 36.Rf2 Ne5 37.Bxe5 fxe5 38.Ng6 Qd4 39.Qxd4 exd4
40.d7 Rd8 41.Re2 b5 42.Kh3 Bc7 43.Re7+ Kf6 44.Kg4 bxc4 45.Re8 Rxd7 46.Rf8+ Rf7 47.Re8
Rd7 48.Rf8+ 1/2-1/2

[Event "1. Bundesliga 2015/2016"]
[Site "Mattersburg"]
[Date "2015.11.08"]
[Round "4"]
[Board "2"]
[White "Bosiocic, Marin"]
[Black "Mons, Leon"]
[Result "1-0"]
[WhiteElo "2564"]
[BlackElo "2461"]
[PlyCount "47"]
[EventDate "2015.11.05"]
[EventType "team"]
[EventRounds "11"]
[EventCountry "AUT"]
[WhiteTeam "SV Jacques Lemans St. Veit"]
[BlackTeam "SIR Royal Salzburg"]

1.d4 d5 2.c4 e6 3.Nc3 Be7 4.cxd5 exd5 5.Bf4 Nf6 6.e3 Bf5 7.Nge2 O-O 8.Ng3 Be6 9.Bd3
c5 10.dxc5 Nc6 11.O-O Bxc5 12.Nb5 d4 13.Rc1 Bb6 14.e4 Ng4 15.Nd6 Nge5 16.Ngf5 Nxd3
17.Qxd3 Bxf5 18.Nxf5 g6 19.Qg3 Kh8 20.Bh6 Rg8 21.Nd6 Qe7 22.Rxc6 bxc6 23.Qe5+ Qxe5
24.Nxf7# 1-0

[Event "1. Bundesliga 2015/2016"]
[Site "Mattersburg"]
[Date "2015.11.08"]
[Round "4"]
[Board "3"]
[White "Prusikin, Michael"]
[Black "Rogic, Davor"]
[Result "1/2-1/2"]
[WhiteElo "2523"]
[BlackElo "2532"]
[PlyCount "134"]
[EventDate "2015.11.05"]
[EventType "team"]
[EventRounds "11"]
[EventCountry "AUT"]
[WhiteTeam "SIR Royal Salzburg"]
[BlackTeam "SV Jacques Lemans St. Veit"]

1.d4 d5 2.c4 c6 3.cxd5 cxd5 4.Bf4 Nc6 5.e3 Nf6 6.Nc3 a6 7.Bd3 e6 8.h3 Be7 9.Nf3 O-O
10.O-O Bd7 11.Rc1 Rc8 12.Ne5 Be8 13.Bb1 Kh8 14.Bg5 Na5 15.f4 Nc4 16.f5 Nd6 17.fxe6
fxe6 18.Qd3 g6 19.Rc2 Rg8 20.Qd1 Nd7 21.Bf4 Rf8 22.Rcf2 Nxe5 23.Bxe5+ Kg8 24.Rxf8+
Bxf8 25.Qg4 Qe7 26.h4 Nf5 27.Nxd5 exd5 28.Bxf5 Rc6 29.h5 Bg7 30.Bxg7 Qxe3+ 31.Kh2
Kxg7 32.hxg6 hxg6 33.Rf3 Qe7 34.Bd3 Rf6 35.Qg5 Qd6+ 36.Kg1 Rxf3 37.gxf3 Bd7 38.f4
Kf7 39.Kf2 Bb5 40.Bb1 Qe6 41.Qe5 Bd7 42.b4 Qc6 43.Bd3 Be6 44.Qg5 Bd7 45.a4 Qe6 46.a5
Bb5 47.f5 gxf5 48.Qxf5+ Qxf5+ 49.Bxf5 Ke7 50.Kg3 Kd6 51.Kf4 Be8 52.Kg5 Kc6 53.Bd3
Kd6 54.Kf6 Bd7 55.Kf7 Ba4 56.Bf5 Bb5 57.Kf8 Ba4 58.Bc8 Kc7 59.Bg4 Kd6 60.Bh5 Bb5 61.Bg6
Bd7 62.Be8 Bxe8 63.Kxe8 Ke6 64.Kd8 Kd6 65.Ke8 Ke6 66.Kd8 Kd6 67.Ke8 Ke6 1/2-1/2

[Event "1. Bundesliga 2015/2016"]
[Site "Mattersburg"]
[Date "2015.11.08"]
[Round "4"]
[Board "4"]
[White "Koop, Thorben"]
[Black "Seyb, Alexander"]
[Result "1/2-1/2"]
[WhiteElo "2423"]
[BlackElo "2417"]
[PlyCount "66"]
[EventDate "2015.11.05"]
[EventType "team"]
[EventRounds "11"]
[EventCountry "AUT"]
[WhiteTeam "SV Jacques Lemans St. Veit"]
[BlackTeam "SIR Royal Salzburg"]

1.d4 Nf6 2.c4 g6 3.Nc3 d5 4.Bf4 Bg7 5.e3 c5 6.dxc5 Qa5 7.Nf3 O-O 8.Rc1 dxc4 9.Bxc4
Qxc5 10.Bb3 Nc6 11.O-O Qa5 12.h3 Bf5 13.Qe2 Ne4 14.Nxe4 Bxe4 15.Rfd1 Qh5 16.Bc2 Bxf3
17.Qxf3 Qxf3 18.gxf3 Rfd8 19.Kg2 Kf8 20.Ba4 Rxd1 21.Rxd1 Ne5 22.Bc2 Ke8 23.Be4 Nc6
24.b4 f5 25.Bd5 Nxb4 26.Bxb7 Rd8 27.Rb1 Nxa2 28.Bc6+ Kf8 29.Rb7 Nc3 30.Bg5 Bf6 31.Bxf6
exf6 32.Rxa7 Rd6 33.Ba4 Nxa4 1/2-1/2

[Event "1. Bundesliga 2015/2016"]
[Site "Mattersburg"]
[Date "2015.11.08"]
[Round "4"]
[Board "5"]
[White "Schramm, Christian"]
[Black "Gutman, Lev"]
[Result "0-1"]
[WhiteElo "2390"]
[BlackElo "2432"]
[PlyCount "74"]
[EventDate "2015.11.05"]
[EventType "team"]
[EventRounds "11"]
[EventCountry "AUT"]
[WhiteTeam "SIR Royal Salzburg"]
[BlackTeam "SV Jacques Lemans St. Veit"]

1.e4 c5 2.Nf3 Nc6 3.d4 cxd4 4.Nxd4 Nf6 5.Nc3 d6 6.Bg5 Qb6 7.Nb3 e6 8.Qd2 a6 9.O-O-O
Bd7 10.Kb1 Qc7 11.Bd3 Be7 12.h3 b5 13.Rhe1 h6 14.Bf4 b4 15.Ne2 a5 16.Nc5 Bc8 17.Bb5
e5 18.Nd4 exd4 19.e5 dxe5 20.Bxe5 Qb6 21.Bxf6 gxf6 22.Qxd4 O-O 23.Bxc6 Bxc5 24.Qxf6
Ra6 25.Rd3 Bxf2 26.Rf1 Qxc6 27.Qxf2 Qb6 28.Qh4 Qc5 29.Rdf3 Rg6 30.g4 Be6 31.Qe1 Rc8
32.R1f2 a4 33.a3 Rb8 34.axb4 Qxb4 35.Qe5 Qb5 36.Qd4 Rg5 37.Qf6 Qe5 0-1

[Event "1. Bundesliga 2015/2016"]
[Site "Mattersburg"]
[Date "2015.11.08"]
[Round "4"]
[Board "6"]
[White "Mazi, Leon"]
[Black "Hilverda, Alexander"]
[Result "0-1"]
[WhiteElo "2386"]
[BlackElo "2378"]
[PlyCount "52"]
[EventDate "2015.11.05"]
[EventType "team"]
[EventRounds "11"]
[EventCountry "AUT"]
[WhiteTeam "SV Jacques Lemans St. Veit"]
[BlackTeam "SIR Royal Salzburg"]

1.e4 c5 2.Nf3 e6 3.d4 cxd4 4.Nxd4 Nc6 5.Nc3 Qc7 6.g3 a6 7.Bg2 h5 8.Nf3 Nf6 9.Bf4 d6
10.Qd2 Be7 11.O-O-O Ne5 12.Bg5 b5 13.Nd4 Nc4 14.Qe2 Bb7 15.f4 Rc8 16.Rd3 b4 17.Nb1
a5 18.Rhd1 a4 19.e5 dxe5 20.Bxb7 Qxb7 21.fxe5 Ng4 22.Bxe7 Qxe7 23.Nf3 Qc5 24.c3 Nf2
25.cxb4 Nxd3+ 26.Qxd3 Qe3+ 0-1

[Event "1. Bundesliga 2015/2016"]
[Site "St. Veit/Glan"]
[Date "2016.02.25"]
[Round "5"]
[Board "1"]
[White "Prohaszka, Peter"]
[Black "Melkumyan, Hrant"]
[Result "0-1"]
[WhiteElo "2598"]
[BlackElo "2646"]
[PlyCount "166"]
[EventDate "2015.11.05"]
[EventType "team"]
[EventRounds "11"]
[EventCountry "AUT"]
[WhiteTeam "SV Jacques Lemans St. Veit"]
[BlackTeam "ASVOE Wulkaprodersdorf"]

1.d4 Nf6 2.Nf3 g6 3.Bg5 Bg7 4.Nbd2 d6 5.c3 h6 6.Bh4 O-O 7.e3 c5 8.Bd3 cxd4 9.exd4
Qb6 10.Qb3 Be6 11.Bc4 Bxc4 12.Nxc4 Qxb3 13.axb3 Nfd7 14.g4 f5 15.gxf5 Rxf5 16.Ke2
Nc6 17.Ne3 Rf7 18.b4 e5 19.d5 Nd4+ 20.cxd4 exd4 21.Nxd4 Bxd4 22.Nc4 Re8+ 23.Kd3 Ne5+
24.Nxe5 Bxe5 25.Rxa7 Rf3+ 26.Kd2 Rb3 27.Rb1 Bf4+ 28.Kc2 Rxb4 29.Kc3 Ree4 30.Bg3 Rec4+
31.Kd3 Rd4+ 32.Kc3 Bd2+ 33.Kc2 Rbc4+ 34.Kb3 Rb4+ 35.Kc2 Rxd5 36.b3 Rbb5 37.Rd1 Rbc5+
38.Kb1 b6 39.Rd7 Rd3 40.Kb2 Rcd5 41.Kc2 Rc3+ 42.Kb2 Rc6 43.Kb1 Rd3 44.Ka2 Rd4 45.Bf4
Rxf4 46.Rxd2 b5 47.Ka3 Ra6+ 48.Kb2 b4 49.Rc2 Rf7 50.Rc8+ Kg7 51.Rxf7+ Kxf7 52.Rb8
Ra5 53.Rxb4 Rf5 54.f4 Rh5 55.Kc3 Rxh2 56.Rb7+ Ke6 57.Rg7 Kf5 58.b4 Rh1 59.Kc2 Ra1
60.b5 Ra5 61.b6 Rb5 62.b7 h5 63.Kd3 h4 64.Ke3 h3 65.Kf2 d5 66.Rf7+ Kg4 67.Rf6 Rxb7
68.Rxg6+ Kxf4 69.Rh6 Rb2+ 70.Kg1 Kg3 71.Rg6+ Kf3 72.Rh6 Rb1+ 73.Kh2 d4 74.Rf6+ Ke2
75.Re6+ Kd2 76.Kxh3 d3 77.Kg2 Kc2 78.Kf2 d2 79.Rc6+ Kd1 80.Rc5 Rc1 81.Ra5 Rc8 82.Ke3
Ke1 83.Rh5 Rc3+ 0-1